000 00230nam a2200109Ia 4500
008 190216s9999||||xx |||||||||||||| ||und||
100 _aUroob
245 0 _aThamara Thoppi
260 _bDc Books
650 _aKathakal
942 _cBK
999 _c26723
_d26723